Quizzes
Events
Quiz Creation
Community
Videos
Private Events
Remove Ads
Sign In
Join for FREE
Feedback
Dark Mode
Quiz Categories
Sports
Geography
Music
Movies
Television
Just For Fun
Miscellaneous
History
Literature
Language
Science
Gaming
Entertainment
Religion
Holiday
For Kids
Quiz Lab
Recent
Popular Today
Quiz Kudos Today
Editor Picks
Curator Picks
Quizzes by...
Day
Popularity
Type
Ratings
Length
Year
Community
Subscriptions
Recent Discussions
Orange Saloon
Badges
Playlists
Quests
Create
Leaderboards
Showdown
Live 5
Trivia Bingo
Activity
Puzzle Library
Sporcle Events
Private Events
Virtual Trivia
Globe League
Become a Host
Pub Owners
SporcleCon
Opinionation
Our Games
Videos
Blog
Mobile Apps
Partnerships
Remove Ads and Go Orange
Feedback
Movies
Disney
Marvel Cinematic Universe
Movie Resume
Movie Titles
Oscar
Actor
Actress
Director
Pixar
Role
Movie Quotes
Movie Characters
Box Office
Nominee
Best Picture
Star Wars
James Bond
Horror Movies
Movies
Disney
Marvel Cinematic Universe
Movie Resume
Movie Titles
Oscar
Actor
Actress
Director
Pixar
Role
Movie Quotes
Movie Characters
Box Office
Nominee
Best Picture
Star Wars
James Bond
Horror Movies
Random Quiz
Search Sporcle
×
Quiz Lab
Quiz Lab
Movies
Quote
Type in answers that appear in a list
Type in answers that appear in a list
Classic
Best Score? Go Orange.
Movie Quotes Stats
Can you name the movies the following quotes are from?
By
TheLuggage
10m
18 Questions
125 Plays
125 Plays
125 Plays
Comments
Comments
Give Quiz Kudos
Give Quiz Kudos
-
- Ratings
hide this ad
Replay
Link that replays current quiz
Next Quiz
Link to next quiz in quiz playlist
You Got
0%
They Got
Avg Score
20%
Avg Friend Score
Upgrade to see
Score Distribution
Jump to the score distribution portion of the page
Score
0/18
Timer
10:00
0
Plays Today
Quote
Movie
% Correct
The truth is you're the weak. And I'm the tyranny of evil men. But I'm tryin', Ringo. I'm tryin' real hard to be the shepherd.
Pulp Fiction
43.2%
Every babe that weeps at your approach, every woman who cries out, 'Dear God! What is that thing,' will echo in your perfect ears.
The Princess Bride
41.6%
Don't you touch that! You were always jealous of this lamp.
A Christmas Story
39.2%
They pull a knife, you pull a gun. He sends one of yours to the hospital, you send one of his to the morgue. That's the Chicago way.
The Untouchables
35.2%
That's seven including when we first came in and you asked Mr. Vernon whether Barry Manilow knew that he raided his closet.
The Breakfast Club
34.4%
We use these words as the backbone of a life spent defending something. You use them as a punchline.
A Few Good Men
29.6%
Ooh, look at this. I have never seen one of these intact before. This is the famous Dead Sea Tupperware.
Aladdin
28%
You know, fightin' in a basement offers a lot of difficulties. Number one being, you're fightin' in a basement!
Inglourious Basterds
20%
But apart from the sanitation, medicine, education, wine, public order, irrigation, roads, the fresh water system and public health, what have the Romans ever done for us.
Monty Python's Life of Brian
19.2%
Quote
Movie
% Correct
Well, technically speaking, the operation is brain damage, but it's on a par with a night of heavy drinking. Nothing you'll miss.
Eternal Sunshine of the Spotless Mind
18.4%
Well, if it was a toothbrush I wouldn't ask questions, I'd just quote a price, but then a toothbrush is a non-
lethal object, isn't it?
The Shawshank Redemption
18.4%
You know, Mr. Bernstein, if I hadn't been very rich, I might have been a really great man.
Citizen Kane
11.2%
This is the captain. We have a little problem with our entry sequence, so we may experience some slight turbulence and then -
explode.
Serenity
8%
Have you ever had two people look at you, with complete lust and devotion, through the same pair of eyes?
Being John Malkovich
7.2%
Who knows where thoughts come from? They just appear.
Empire Records
7.2%
It tastes like you but sweeter!
Closer
5.6%
I don't need a nicotine patch, Penny. I smoke cigarettes.
Stranger than Fiction
3.2%
I ended by falling on my knees and pledging her eternal love. And do you know that, at that time, and for several hours afterwards, I actually meant it.
Dangerous Liaisons
1.6%
Quiz Playlist
Details
Report
Send in Message
Add To Playlist
Classic:
Type in answers that appear in a list
Last Updated: Feb 16, 2017
Quiz Scoreboard
CHALLENGE
Sign Up to Join the Scoreboard
Show All
Scores
Hide
Comments
May contain spoilers
Recently Published
1-10 Letter E Words III
by El_Dandy
Language
2m
One Thing in Common: World Cities II
by knightlancer
Geography
7m
Popular People in 1961
by mucciniale
History
6m
More to Explore
Quiz From the Vault
Featured Blog Post
Where Did the Easter Bunny Come From?
hide this ad
You Might Also Like...
Tags
Quote Quiz
spoken
Today's Top Quizzes in Movies
Browse Movies
hide this ad
Today's Top Quizzes in Quote
Browse Quote
Top Contributed Quizzes in Movies
1
Multi-Oscar Nominations, One Movie, One Winner
2
12 Movies about Fictional 1960s Events
3
One Thing in Common: Movies
4
Three Word 'T' Movies Match Up
5
Three Word 'H' Movies Match Up
6
Three Word 'M' Movies Match Up
7
Three Word 'L' Movies Match Up
8
Three Word 'R' Movies Match Up
9
Three Word 'S' Movies Match Up
10
Three Word 'U' & 'V' Movies Match Up
Explore More
Trending Topics
Disney
Marvel
Kpop
Harry Potter
NBA
Anime
Crossword
WWE
Soccer
Country
Pokémon
The Office
Song
Puzzle
NFL
hide this ad
More By:
TheLuggage
Quiz
Plays
Rating
Category
Featured
Created
Game of Thrones Psuedonyms
3,535
4.40
Literature
Jul 13, 2013
TV foursomes
791
2.89
Television
Sep 7, 2010
Lil Inappropriate Golden Books
762
4.48
Movies
Feb 2, 2011
TV fivesomes
627
3.00
Television
Sep 8, 2010
MLB AKA
416
2.22
Sports
Aug 28, 2010
Go to Creator's Profile
Score Distribution
Quiz Creator Spotlight
TheLuggage
Follow
Send a Message
Quizzes Created
-
Created Quiz Play Count
-
More By This Creator
Popular Quizzes Today
1
Find the US States - No Outlines Minefield
2
The Countries of the World
3
Popular People in 1961
4
Find the Countries of Europe - No Outlines Minefield
5
1-10 Letter E Words III
6
Find the US States
7
One Thing in Common: World Cities II
8
US States
More Movies Quizzes
Movie by Yellow Outfits
Published
Trending Quizzes
1-10 Letter F Words
1-10 Letter G Words
Risky Map Clicking: Next State Alphabetically
1-10 Letter F Words II
Risky Map Clicking: States by Unique Starting Letters
Recently Updated
Leaping Animals
pecheneg
Reality TV Shows (A-Z)
bhenderson79
Rickey Henderson's Hall of Fame Teammates
pecheneg
Champions League XIs: Arsenal
pecheneg
Quick Pick: Celebrities in WWE's Hall of Fame
aduchscher
A-Z Keypad Blitz II
pecheneg
Multiple Oscar Actors
pecheneg
Mystery Phrase Blitz: Oscar 'Best Actors'
pecheneg
F. Scott Fitzgerald Novels
LTH
Pick 3 Villains
ddd62291
Trending Topics
Disney
Harry Potter
Crossword
Anime
NBA
Marvel
Kpop
WWE
Country
NFL
Pokémon
Soccer
The Office
Puzzle
Song
Your Account Isn't Verified!
In order to create a playlist on Sporcle, you need to verify the email address you used during registration. Go to your
Sporcle Settings
to finish the process.
Report this User
Report this user for behavior that violates our
Community Guidelines
.
Details:
Send Report
Go to the Sporcle.com Mobile Site →
Comments